000 00662nam a22002417a 4500
003 UA-OsUOA
001 22478
007 ta
008 20031221b un ||||| |||| 00| 0 ukr d
090 _a18
_bХ98
942 _cBK
040 _aUA-OsUOA
_brus
_cUA-OsUOA
_dUA-OsUOA
245 _aХудожественная культура и естетическое развитие личности
_cРед. В.И.Мазепа В.П.Михалев
300 _a296 с.
955 _a0
041 _arus
080 _a18
020 _a5-12-001055-5
260 _aКиев
_bНаукова думка
_c1989
044 _aUA
650 7 _2UDC
999 _c308698
_d308698